[Event "AUTO-OPEN-3544"]
[Site "http://www.queenalice.com/game.php?id=1384603"]
[Date "2015.9.21"]
[Round "1"]
[White "MarcosT"]
[Black "Dr_LeoPrado"]
[Result "1-0"]
[WhiteElo "1929"]
[BlackElo "1222"]

1. e4 e5 2. Nf3 Nc6 3. Nc3 Nf6 4. a3 Bc5 5. h3 d5 6. exd5 Nxd5 7. Bb5 Nxc3 8.
bxc3 Bd7 9. O-O f6 10. Bc4 a6 11. d4 Na5 12. Ba2 Bd6 13. dxe5 Bxe5 14. Nxe5 fxe5
15. Qd5 Qf6 16. Qxa5 b6 17. Qd5 Rd8 18. Bg5 c6 19. Qb3 Qxg5 20. Qf7# 1-0

[Event "AUTO-BEG-633"]
[Site "http://www.queenalice.com/game.php?id=1385017"]
[Date "2015.9.23"]
[Round "1"]
[White "Wali"]
[Black "Dr_LeoPrado"]
[Result "1-0"]
[WhiteElo "1225"]
[BlackElo "1307"]

1. e4 e5 2. Bc4 Nf6 3. Nc3 Nc6 4. Nf3 Bc5 5. O-O O-O 6. h3 d6 7. Ng5 h6 8. Nxf7
Rxf7 9. Bxf7+ Kxf7 10. Nd5 Kg8 11. d3 Be6 12. c4 a6 13. Be3 Bxe3 14. fxe3 Bxd5
15. exd5 Ne7 16. Qf3 c6 17. dxc6 bxc6 18. Qg3 c5 19. Rxf6 Nd5 20. Rxh6 Nf6 21.
Rf1 Kf7 22. Qg6+ Kg8 23. Qg3 Ne8 24. Qg6 Nf6 25. Rf3 Rb8 26. Rg3 Qe7 27. Qxf6
Qxf6 28. Rxf6 Rxb2 29. Rxd6 Rxa2 30. Rd7 Ra1+ 31. Kh2 Rf1 32. Rgxg7+ Kf8 33. h4
Re1 34. Rg3 Ke8 35. Ra7 Kf8 36. h5 1-0

[Event "AUTO-BEG-633"]
[Site "http://www.queenalice.com/game.php?id=1385018"]
[Date "2015.9.23"]
[Round "1"]
[White "Dr_LeoPrado"]
[Black "Wali"]
[Result "1-0"]
[WhiteElo "1253"]
[BlackElo "1211"]

1. e4 e5 2. Nf3 Qf6 3. Nc3 c6 4. d4 d6 5. dxe5 dxe5 6. Bc4 h6 7. O-O Qg6 8. Re1
f6 9. Bxg8 Rxg8 10. a3 Nd7 11. Nh4 Qf7 12. h3 Nc5 13. Be3 g5 14. Nf3 h5 15. Qd2
g4 16. hxg4 hxg4 17. Red1 Nd7 18. Nh2 g3 19. fxg3 Rxg3 20. Bf2 Bc5 21. Bxc5 b6
22. Bf2 Rg6 23. Qd6 f5 24. Qd3 Bb7 25. exf5 Rg5 26. Re1 O-O-O 27. Nf3 1-0

[Event "AUTO-BEG-633"]
[Site "http://www.queenalice.com/game.php?id=1385045"]
[Date "2015.9.23"]
[Round "1"]
[White "Dr_LeoPrado"]
[Black "JVD"]
[Result "0-1"]
[WhiteElo "1280"]
[BlackElo "1789"]

1. e4 c5 2. Nf3 d6 3. Nc3 a6 4. Bc4 Nf6 5. O-O g6 6. d4 cxd4 7. Nxd4 Bg7 8. Nf3
O-O 9. Nd5 Nxd5 10. Bxd5 e6 11. Bb3 Nc6 12. Re1 Qc7 13. Bf4 Rd8 14. h3 Bxb2 15.
Rb1 Bg7 16. Bg5 f6 17. Bf4 Bf8 18. Ba4 e5 19. Bxc6 Qxc6 20. Bg3 b5 21. Rb3 Bb7
22. Qd3 Rac8 23. c3 d5 24. exd5 Qxd5 25. Qxd5+ Rxd5 26. Rc1 b4 27. Kf1 a5 28. c4
Rdc5 29. Nd2 Ba6 30. f4 exf4 31. Bxf4 Rd5 32. Kg1 Rd4 33. g3 Bc5 0-1

[Event "AUTO-BEG-633"]
[Site "http://www.queenalice.com/game.php?id=1385046"]
[Date "2015.9.23"]
[Round "1"]
[White "JVD"]
[Black "Dr_LeoPrado"]
[Result "1-0"]
[WhiteElo "1782"]
[BlackElo "1290"]

1. d4 d5 2. c4 c6 3. cxd5 cxd5 4. Nf3 Nc6 5. g3 Nf6 6. Bg2 e5 7. dxe5 Nd7 8.
Qxd5 Qe7 9. O-O Ndxe5 10. Nxe5 Qxe5 11. Qxe5+ Nxe5 12. Nc3 Bb4 13. Nd5 Ba5 14.
Bf4 f6 15. Bxe5 fxe5 16. b4 Bb6 17. Nxb6 axb6 18. Rfc1 O-O 19. Rc7 Ra7 20. b5 h6
21. Bd5+ Kh8 22. e4 Ra5 23. Bxb7 Bxb7 24. Rxb7 Rxb5 25. a4 Rb4 26. a5 Rb5 27. a6
Ra5 28. Rxa5 bxa5 29. a7 1-0

[Event "AUTO-OPEN-3551"]
[Site "http://www.queenalice.com/game.php?id=1386985"]
[Date "2015.10.3"]
[Round "1"]
[White "Dr_LeoPrado"]
[Black "helly"]
[Result "0-1"]
[WhiteElo "1178"]
[BlackElo "2241"]

1. e4 c5 2. Nf3 d6 3. Nc3 Nf6 4. Bc4 e6 5. Bb5+ Bd7 6. Bxd7+ Nbxd7 7. O-O Be7 8.
d3 O-O 9. Bg5 h6 10. Bxf6 Nxf6 11. Re1 a6 12. a3 Qc7 13. h3 b5 0-1

[Event "AUTO-OPEN-3551"]
[Site "http://www.queenalice.com/game.php?id=1386986"]
[Date "2015.10.3"]
[Round "1"]
[White "helly"]
[Black "Dr_LeoPrado"]
[Result "1-0"]
[WhiteElo "2242"]
[BlackElo "1176"]

1. e4 e5 2. Nf3 d6 3. Bc4 Bg4 4. c3 Nf6 5. Qb3 Qc8 6. Bxf7+ Kd8 7. d4 Nc6 8.
Nbd2 Bxf3 9. Nxf3 Na5 10. Qb5 b6 11. Bg5 Be7 12. dxe5 dxe5 13. Rd1+ Bd6 14. Qxe5
1-0

[Event "AUTO-OPEN-3551"]
[Site "http://www.queenalice.com/game.php?id=1386987"]
[Date "2015.10.3"]
[Round "1"]
[White "Dr_LeoPrado"]
[Black "roda"]
[Result "0-1"]
[WhiteElo "1172"]
[BlackElo "1878"]

1. e4 e5 2. Nf3 Nf6 3. Nc3 d6 4. Bc4 c5 5. O-O Bg4 6. h3 Bh5 7. d3 Be7 8. Nd5
O-O 9. Nxf6+ Bxf6 10. c3 Nd7 11. Bd5 Rb8 12. Be3 Qb6 13. Rb1 Qd8 0-1

[Event "AUTO-OPEN-3551"]
[Site "http://www.queenalice.com/game.php?id=1386988"]
[Date "2015.10.3"]
[Round "1"]
[White "roda"]
[Black "Dr_LeoPrado"]
[Result "1-0"]
[WhiteElo "1876"]
[BlackElo "1174"]

1. e4 e5 2. Nf3 Nc6 3. Bb5 d6 4. Bxc6+ bxc6 5. O-O Nf6 6. d3 Bg4 7. Nc3 Be7 8.
h3 Bxf3 9. Qxf3 h6 10. Be3 c5 11. a3 O-O 12. Qe2 c6 13. f4 1-0

[Event "AUTO-INT-3060"]
[Site "http://www.queenalice.com/game.php?id=1387266"]
[Date "2015.10.4"]
[Round "1"]
[White "Dr_LeoPrado"]
[Black "Wali"]
[Result "0-1"]
[WhiteElo "1184"]
[BlackElo "1570"]

1. e4 e5 2. Nf3 Nc6 3. Bc4 f6 4. Nc3 Nge7 5. Nd5 Nxd5 6. Bxd5 Nb4 7. Bb3 b6 8.
Nxe5 fxe5 9. Qh5+ Ke7 10. Qf7+ Kd6 11. c3 Nd3+ 12. Kf1 c6 13. a4 Qh4 14. g3 Qh3+
15. Ke2 Nc5 0-1

[Event "AUTO-INT-3060"]
[Site "http://www.queenalice.com/game.php?id=1387267"]
[Date "2015.10.4"]
[Round "1"]
[White "Wali"]
[Black "Dr_LeoPrado"]
[Result "1-0"]
[WhiteElo "1572"]
[BlackElo "1182"]

1. e4 e5 2. Nf3 Nc6 3. a3 Nf6 4. Bb5 d6 5. c3 Bd7 6. d3 a6 7. Bc4 h6 8. Qb3 d5
9. Bxd5 Nxd5 10. exd5 Na5 11. Qc2 Bd6 12. Nbd2 b6 13. b4 Nb7 14. d4 exd4 15.
Nxd4 Qg5 16. g3 Qxd5 17. O-O 1-0

[Event "AUTO-INT-3060"]
[Site "http://www.queenalice.com/game.php?id=1387268"]
[Date "2015.10.4"]
[Round "1"]
[White "Dr_LeoPrado"]
[Black "Prosperidade"]
[Result "0-1"]
[WhiteElo "1253"]
[BlackElo "1828"]

1. e4 e5 2. Nf3 d6 3. Nc3 a6 4. Bc4 h6 5. d4 exd4 6. Nxd4 c5 7. Qf3 Nf6 8. Nd5
Be7 9. Nxf6+ Bxf6 10. Nf5 Bxf5 11. Qxf5 Nd7 0-1

[Event "AUTO-INT-3060"]
[Site "http://www.queenalice.com/game.php?id=1387269"]
[Date "2015.10.4"]
[Round "1"]
[White "Prosperidade"]
[Black "Dr_LeoPrado"]
[Result "1-0"]
[WhiteElo "1830"]
[BlackElo "1251"]

1. d4 d5 2. c4 c6 3. c5 Nf6 4. Nc3 Bf5 5. h3 Nbd7 6. Nf3 h6 7. e3 Qc7 8. Bd3
Bxd3 9. Qxd3 a6 10. O-O e5 11. dxe5 Nxe5 12. Nxe5 1-0

[Event "AUTO-INT-3060"]
[Site "http://www.queenalice.com/game.php?id=1387270"]
[Date "2015.10.4"]
[Round "1"]
[White "Dr_LeoPrado"]
[Black "papyrusmoon"]
[Result "0-1"]
[WhiteElo "1249"]
[BlackElo "1334"]

1. e4 e5 2. Nf3 d5 3. Nxe5 dxe4 4. d3 Qf6 5. Ng4 Qe6 6. Ne3 Nf6 7. h3 Bc5 8. Be2
O-O 9. Nc3 Nc6 10. O-O Nd4 11. Re1 b6 12. dxe4 Bb7 13. b4 Bd6 0-1

[Event "AUTO-INT-3060"]
[Site "http://www.queenalice.com/game.php?id=1387271"]
[Date "2015.10.4"]
[Round "1"]
[White "papyrusmoon"]
[Black "Dr_LeoPrado"]
[Result "1-0"]
[WhiteElo "1347"]
[BlackElo "1236"]

1. e4 e5 2. Nf3 Nc6 3. d4 exd4 4. Nxd4 Nxd4 5. Qxd4 d6 6. Nc3 c5 7. Qd5 Nf6 8.
Qg5 h6 9. Qf4 Be7 10. Bb5+ Bd7 11. O-O O-O 12. b3 Bxb5 13. Nxb5 a6 14. Nc3 1-0